All Sam Fender songs as of 2025 - Statistics

General Stats
  • This quiz has been taken 100 times
  • The average score is 37 of 64
Answer Stats
Hint Answer % Correct
Hypersonic Missiles Hypersonic Missiles
100%
Seventeen going under Seventeen Going Under
98%
HypersonicMissiles Dead boys
91%
PeopleWatching People Watching
89%
PeopleWatching Rein me in
89%
Seventeen going under Getting Started
80%
HypersonicMissiles The borders
80%
PeopleWatching Tv dinner
80%
HypersonicMissiles Will we talk?
80%
Seventeen going under Spit of you
77%
Seventeen going under Deluxe Angel in Lothian
73%
Single Greasy spoon
73%
PeopleWatching Deluxe Me and the dog
73%
PeopleWatching Arm's length
70%
PeopleWatching Little bit closer
70%
Seventeen going under Mantra
70%
PeopleWatching Nostalgia's lie
70%
HypersonicMissiles Play God
70%
HypersonicMissiles Saturday
70%
Single Spice
70%
Seventeen going under The Dying Light
70%
HypersonicMissiles White Privilege
70%
PeopleWatching Remember my name
68%
PeopleWatching Wild long lie
68%
PeopleWatching Chin up
66%
HypersonicMissiles You're not the only one
66%
HypersonicMissiles Call me lover
64%
PeopleWatching Crumbling empire
64%
Seventeen going under Get you Down
64%
Single Howdon Aldi death queue
64%
HypersonicMissiles Use - Live
64%
Single Poundshop Kardashians
61%
PeopleWatching Something heavy
61%
HypersonicMissiles Two people
61%
Seventeen going under Paradigms
59%
PeopleWatching Deluxe The Treadmill
59%
Seventeen going under Aye
57%
HypersonicMissiles Leave fast
55%
PeopleWatching Deluxe Tyrants
55%
HypersonicMissiles That Sound
52%
Single All is on my side
50%
Seventeen going under Deluxe Alright
50%
Single Friday Fighting
48%
PeopleWatching Deluxe I'm always on stage
48%
PeopleWatching Deluxe Empty spaces
45%
Seventeen going under Deluxe Poltergeists
45%
Seventeen going under Deluxe Pretending that you're dead
45%
Seventeen going under Long Way Off
43%
Seventeen going under Deluxe Good Company
39%
Single Hold out
39%
Seventeen going under The Leveller
39%
Single Wild grey ocean
39%
PeopleWatching Deluxe Fortuna's wheel
36%
PeopleWatching Deluxe Talk to you ft. Elton John
36%
Seventeen going under Last to Make it Home
34%
Single Little bull of blithe
34%
Single Millennial
34%
Seventeen going under Deluxe Better Of Me
32%
PeopleWatching Deluxe Rein me in ft. Olivia Dean
32%
Single Winter song
32%
Single Start again
30%
Single The kitchen - Live
25%
Single Homesick
23%
Single Seventeen going under ft. Holly Humberstone
14%
No matching quizzes found
Score Distribution
Percent of People with Each Score
Percentile by Number Answered
Your Score History
You have not taken this quiz